00000000nam 2200000za 4500
0019.674591
003CaOODSP
00520250320114820
007cr |||||||||||
008150407|2007||||xxc|||||o    f|0| 0 chi d
020 |a978-0-662-02988-5
040 |aCaOODSP|beng
043 |an-cn---
0861 |aH21-261/2005Chi2-PDF|zH21-261/2005Ch-PDF
1101 |aCanada. |bHealth Canada.
24510|a[Canada's health care system] |h[electronic resource].
250 |a[Simplified Chinese edition].
260 |aOttawa - Ontario : |bHealth Canada |c2007.
300 |a28p.|bfigs., graphs, references, tables
500 |aIssued also in English under title: Canada's health care system.
546 |aText in Simplified Chinese.
590 |a12-40-Supp|b2012-10-23
69007|aHealth care system|2gcpds
77508|tCanada's health care system |w(CaOODSP)9.687882
792 |t[Le système des soins de santé du Canada] |efre|w(CaOODSP)9.674592
85640|ahttp://publications.gc.ca|qPDF|s6.84 MB|uhttps://publications.gc.ca/collections/collection_2012/sc-hc/H21-261-2005-chi.pdf